| 000 -LEADER |
| fixed length control field |
01000nam a22002417a 4500 |
| 003 - CONTROL NUMBER IDENTIFIER |
| control field |
OSt |
| 005 - DATE AND TIME OF LATEST TRANSACTION |
| control field |
20180830081023.0 |
| 008 - FIXED-LENGTH DATA ELEMENTS--GENERAL INFORMATION |
| fixed length control field |
180609b xxu||||| |||| 00| 0 spa d |
| 020 ## - INTERNATIONAL STANDARD BOOK NUMBER |
| International Standard Book Number |
9505083475 |
| 040 ## - CATALOGING SOURCE |
| Transcribing agency |
PJ |
| 100 ## - ASIENTO PRINCIPAL - NOMBRE DE PERSONA |
| 9 (RLIN) |
305 |
| Personal name |
Meirovich de Aguinis, Ana María |
| 245 10 - MENCIÓN DE TÍTULO |
| Título propiamente dicho |
Contrato de agencia comercial / |
| Mención de responsabilidad, etc |
Ana María De Aguinis; prólogo de Raúl Aníbal Etcheverry. |
| 260 ## - PUBLICATION, DISTRIBUTION, ETC. (IMPRINT) |
| Place of publication, distribution, etc |
Buenos Aires : |
| Name of publisher, distributor, etc |
Astrea, |
| Date of publication, distribution, etc |
1991. |
| 300 ## - DESCRIPCION FISICA |
| Extent |
149 p. |
| Dimensions |
20 cm. |
| 500 ## - NOTA GENERAL |
| General note |
Notas y citas a pie de página. |
| 500 ## - NOTA GENERAL |
| General note |
Aspectos jurídicos y función económica; derechos y obligaciones, responsabilidad, rescisión unilateral |
| 504 ## - NOTA DE BIBLIOGRAFÍA, ETC. |
| Bibliography, etc |
Bibliografía: p. 145-149. |
| 505 ## - FORMATTED CONTENTS NOTE |
| Formatted contents note |
Contenido:<br/>Artística. Viajes. Financiera. Bolsa. Marítima. Seguros. Lotería y prode. Colocación de personal. Broker. La agency. |
| 650 #0 - ASIENTO SECUNDARIO DE MATERIA - TERMINO TEMATICO |
| Topical term or geographic name as entry element |
DERECHO COMERCIAL |
| 9 (RLIN) |
1602 |
| 650 #0 - ASIENTO SECUNDARIO DE MATERIA - TERMINO TEMATICO |
| Topical term or geographic name as entry element |
CONTRATOS COMERCIALES |
| 9 (RLIN) |
1670 |
| 700 ## - ADDED ENTRY--PERSONAL NAME |
| 9 (RLIN) |
1793 |
| Personal name |
Etcheverry, Raúl Aníbal |
| Relator term |
prologuista |
| 942 ## - ADDED ENTRY ELEMENTS (KOHA) |
| Source of classification or shelving scheme |
|
| Koha item type |
Libros |
| Classification part |
347.741 |
| Item part |
MIE |